[Event "Azerbaijan Chess Championship2015 - Men"]
[Site ""]
[Date "2015.01.08"]
[Round "3"]
[Board "5"]
[White "Gasimov, Parviz"]
[Black "Rasulov, Vugar"]
[Result "0-1"]
[WhiteElo "2517"]
[BlackElo "2491"]
[PlyCount "0"]
[EventDate "2015.01.06"]
[EventRounds "9"]
[EventCountry "AZE"]

1. e4 {[%clk 1:30:54]} e5 {[%clk 1:30:37]} 2. Nf3 {[%clk 1:30:57]} Nc6
{[%clk 1:31:01]} 3. d4 {[%clk 1:31:01]} exd4 {[%clk 1:31:15]} 4. Nxd4
{[%clk 1:31:01]} Bc5 {[%clk 1:31:10]} 5. Nb3 {[%clk 1:30:20]} Bb6
{[%clk 1:31:31]} 6. Nc3 {[%clk 1:30:11]} Nf6 {[%clk 1:30:59]} 7. Qe2
{[%clk 1:29:27]} d6 {[%clk 1:30:50]} 8. Be3 {[%clk 1:28:05]} Be6 {[%clk 1:29:30]}
9. O-O-O {[%clk 1:25:13]} O-O {[%clk 1:29:13]} 10. g3 {[%clk 1:19:19]} Re8
{[%clk 1:23:42]} 11. Bg2 {[%clk 1:17:52]} Qe7 {[%clk 1:20:38]} 12. h3
{[%clk 1:12:25]} Nd7 {[%clk 1:12:16]} 13. f4 {[%clk 1:07:23]} Bxe3+
{[%clk 1:05:47]} 14. Qxe3 {[%clk 1:07:37]} Nb6 15. Rhe1 {[%clk 1:02:42]} a5
{[%clk 1:01:39]} 16. Nd4 {[%clk 0:57:50]} a4 {[%clk 0:58:31]} 17. a3
{[%clk 0:47:57]} Na5 {[%clk 0:56:20]} 18. Ncb5 {[%clk 0:38:37]} Nbc4
{[%clk 0:39:36]} 19. Qc3 Rec8 {[%clk 0:32:39]} 20. Bf1 {[%clk 0:30:05]} c6
{[%clk 0:28:36]} 21. Nf5 {[%clk 0:23:56]} Bxf5 {[%clk 0:28:44]} 22. exf5
{[%clk 0:24:12]} Qd7 {[%clk 0:29:02]} 23. Nd4 {[%clk 0:22:50]} b5
{[%clk 0:29:18]} 24. f6 {[%clk 0:19:41]} c5 {[%clk 0:27:12]} 25. Nxb5
{[%clk 0:17:15]} Qxb5 {[%clk 0:27:26]} 26. Re4 {[%clk 0:17:05]} Qc6
{[%clk 0:19:50]} 27. Rxc4 {[%clk 0:15:07]} d5 {[%clk 0:20:13]} 28. Bg2
{[%clk 0:11:19]} Nxc4 {[%clk 0:20:31]} 29. Bxd5 {[%clk 0:11:33]} Qxf6
{[%clk 0:20:55]} 30. Qxc4 {[%clk 0:11:33]} Ra7 {[%clk 0:19:43]} 31. Bf3
{[%clk 0:08:54]} g6 {[%clk 0:19:16]} 32. h4 {[%clk 0:06:42]} Rb8 {[%clk 0:17:38]}
33. c3 {[%clk 0:06:33]} Qb6 {[%clk 0:16:56]} 34. Rd2 {[%clk 0:06:27]} Re7
{[%clk 0:17:25]} 35. Re2 {[%clk 0:04:04]} Rxe2 {[%clk 0:17:25]} 36. Qxe2
{[%clk 0:04:04]} c4 {[%clk 0:17:25]} 0-1

[Event "Azerbaijan Chess Championship2015 - Men"]
[Site ""]
[Date "2015.01.08"]
[Round "3"]
[Board "6"]
[White "Shahaliyev, Ismayil"]
[Black "Bajarani, Ulvi"]
[Result "1/2-1/2"]
[WhiteElo "2273"]
[BlackElo "2494"]
[PlyCount "0"]
[EventDate "2015.01.06"]
[EventRounds "9"]
[EventCountry "AZE"]

1. e4 {[%clk 1:30:57]} e6 {[%clk 1:30:55]} 2. d3 {[%clk 1:31:20]} d5
{[%clk 1:31:19]} 3. Qe2 {[%clk 1:31:44]} Ne7 {[%clk 1:31:19]} 4. Nf3
{[%clk 1:32:07]} c5 {[%clk 1:31:36]} 5. exd5 {[%clk 1:31:17]} exd5
{[%clk 1:31:20]} 6. d4 {[%clk 1:29:19]} cxd4 {[%clk 1:31:16]} 7. Nxd4
{[%clk 1:29:09]} Nbc6 {[%clk 1:31:39]} 8. Be3 {[%clk 1:28:12]} Nf5
{[%clk 1:24:50]} 9. Nc3 {[%clk 1:06:23]} Nxe3 {[%clk 1:14:05]} 10. Qxe3+
{[%clk 1:03:40]} Be7 {[%clk 1:14:29]} 11. Bb5 Qd6 {[%clk 1:08:40]} 12. O-O-O
{[%clk 0:50:26]} Be6 {[%clk 1:08:12]} 13. Rhe1 {[%clk 0:47:36]} O-O
{[%clk 1:07:20]} 14. Nxe6 {[%clk 0:42:23]} fxe6 {[%clk 1:07:22]} 15. Qxe6+
{[%clk 0:33:52]} Qxe6 {[%clk 1:07:45]} 16. Rxe6 {[%clk 0:34:18]} Rxf2
{[%clk 1:08:04]} 17. Re2 {[%clk 0:31:26]} Rxe2 {[%clk 1:06:11]} 18. Nxe2
{[%clk 0:27:40]} Bg5+ {[%clk 1:06:28]} 19. Kb1 {[%clk 0:28:09]} Rf8
{[%clk 1:06:41]} 20. Ng3 {[%clk 0:26:08]} Ne7 {[%clk 1:06:38]} 21. Be2
{[%clk 0:26:02]} Bf4 {[%clk 1:00:49]} 22. Bf3 {[%clk 0:25:27]} b6
{[%clk 1:01:09]} 23. c3 {[%clk 0:25:02]} Rd8 {[%clk 1:01:22]} 24. Kc2
{[%clk 0:22:13]} g6 {[%clk 1:00:43]} 25. Nf1 {[%clk 0:20:04]} Kf7
{[%clk 0:59:21]} 26. h3 {[%clk 0:19:08]} Rd6 {[%clk 0:58:21]} 27. Rd3
{[%clk 0:17:23]} h5 {[%clk 0:57:02]} 28. Ne3 {[%clk 0:12:18]} Ke6
{[%clk 0:57:14]} 29. Kd1 {[%clk 0:11:20]} Be5 {[%clk 0:56:11]} 30. Nc2
{[%clk 0:09:09]} Rd8 {[%clk 0:54:57]} 31. Nd4+ {[%clk 0:07:31]} Kf6
{[%clk 0:54:24]} 32. a4 {[%clk 0:05:49]} Rc8 {[%clk 0:51:21]} 33. Nb3
{[%clk 0:05:25]} Ke6 {[%clk 0:50:34]} 34. Nd4+ {[%clk 0:04:59]} Kf6
{[%clk 0:50:47]} 35. Nb3 {[%clk 0:05:24]} Rc4 {[%clk 0:50:53]} 36. a5
{[%clk 0:05:35]} Ke6 {[%clk 0:50:58]} 37. axb6 {[%clk 0:05:38]} axb6
{[%clk 0:51:22]} 38. Kc2 {[%clk 0:02:38]} Ra4 {[%clk 0:49:01]} 39. Rd1
{[%clk 0:02:54]} Kd6 {[%clk 0:48:52]} 40. Nd2 {[%clk 0:30:48]} Rf4
{[%clk 1:17:15]} 41. Ra1 {[%clk 0:29:05]} Rf8 {[%clk 1:17:05]} 42. Kd3
{[%clk 0:28:26]} Nf5 {[%clk 1:16:34]} 43. c4 {[%clk 0:19:24]} Bxb2
{[%clk 1:08:56]} 44. Rb1 {[%clk 0:18:25]} Bf6 {[%clk 1:08:46]} 45. cxd5
{[%clk 0:16:05]} Kc7 {[%clk 1:07:18]} 46. Rc1+ {[%clk 0:16:08]} Kd7
{[%clk 1:07:32]} 47. Rc6 {[%clk 0:13:42]} Nd6 {[%clk 1:05:15]} 48. Rxb6
{[%clk 0:13:31]} Rc8 {[%clk 1:05:27]} 49. Ne4 {[%clk 0:11:49]} Be5
{[%clk 1:05:23]} 50. Nxd6 {[%clk 0:11:19]} Bxd6 {[%clk 1:05:45]} 51. Be4
{[%clk 0:11:45]} Rg8 {[%clk 1:05:53]} 52. Kd4 {[%clk 0:11:00]} Rc8
{[%clk 1:05:50]} 53. Ra6 {[%clk 0:10:32]} Rc1 {[%clk 1:03:07]} 54. Bxg6
{[%clk 0:09:41]} Rd1+ {[%clk 1:03:20]} 55. Ke4 {[%clk 0:09:27]} Re1+
{[%clk 1:03:35]} 56. Kf3 {[%clk 0:09:34]} h4 {[%clk 1:03:20]} 57. Ra7+
{[%clk 0:09:02]} Kd8 {[%clk 1:03:42]} 58. Ra4 {[%clk 0:07:14]} Bg3
{[%clk 1:03:55]} 59. Kg4 {[%clk 0:06:27]} Ke7 {[%clk 1:03:39]} 60. Be4
{[%clk 0:06:41]} Kd6 {[%clk 1:03:51]} 61. Kf5 {[%clk 0:06:57]} Re3
{[%clk 1:02:34]} 62. Rc4 {[%clk 0:05:01]} Ke7 {[%clk 1:02:21]} 63. Ra4
{[%clk 0:04:52]} Rc3 {[%clk 1:02:29]} 64. Ra6 {[%clk 0:04:38]} Rc8
{[%clk 1:02:31]} 65. Bf3 {[%clk 0:04:39]} Rf8+ {[%clk 1:02:23]} 66. Kg6
{[%clk 0:04:43]} Rg8+ {[%clk 1:02:42]} 67. Kh7 {[%clk 0:05:07]} Rd8
{[%clk 1:02:54]} 68. Re6+ {[%clk 0:05:22]} Kd7 {[%clk 1:03:17]} 69. Kg7
{[%clk 0:04:48]} Rb8 {[%clk 1:01:59]} 70. Bg4 {[%clk 0:04:34]} Kc7
{[%clk 1:02:20]} 71. Rc6+ {[%clk 0:04:48]} Kb7 {[%clk 1:02:44]} 72. Rc2
{[%clk 0:03:26]} Re8 {[%clk 1:02:03]} 73. Kf7 {[%clk 0:03:26]} Rh8
{[%clk 1:02:26]} 74. Bf5 {[%clk 0:03:36]} Rh5 {[%clk 1:02:36]} 75. Be4
{[%clk 0:02:01]} Kb8 {[%clk 1:01:32]} 76. Rc4 {[%clk 0:02:12]} Rh8
{[%clk 1:00:40]} 77. Ke7 {[%clk 0:02:17]} Rh6 {[%clk 1:00:59]} 78. Bf5
{[%clk 0:01:56]} Kb7 {[%clk 1:00:49]} 79. Bc8+ {[%clk 0:01:36]} Kb6
{[%clk 1:0

[Event "Azerbaijan Chess Championship2015 - Men"]
[Site ""]
[Date "2015.01.08"]
[Round "3"]
[Board "7"]
[White "Rzayev, Bahruz"]
[Black "Izzat, Kanan"]
[Result "1/2-1/2"]
[WhiteElo "2416"]
[BlackElo "2424"]
[PlyCount "0"]
[EventDate "2015.01.06"]
[EventRounds "9"]
[EventCountry "AZE"]

1. c4 Nf6 2. g3 {[%clk 1:31:20]} c6 {[%clk 1:25:57]} 3. Bg2 {[%clk 1:31:28]} d5
{[%clk 1:26:21]} 4. d4 {[%clk 1:31:52]} g6 {[%clk 1:25:18]} 5. Nf3
{[%clk 1:30:40]} Bg7 {[%clk 1:24:40]} 6. O-O {[%clk 1:31:03]} O-O
{[%clk 1:25:06]} 7. Nbd2 {[%clk 1:30:46]} Bf5 {[%clk 1:23:21]} 8. b3
{[%clk 1:28:46]} a5 {[%clk 1:23:04]} 9. Bb2 {[%clk 1:23:30]} a4 {[%clk 1:22:44]}
10. bxa4 {[%clk 1:20:57]} Qa5 {[%clk 1:21:20]} 11. Qb3 {[%clk 1:19:25]} Nbd7
{[%clk 1:10:00]} 12. Rfc1 {[%clk 1:07:59]} Qxa4 {[%clk 1:04:23]} 13. cxd5 Qxb3
{[%clk 1:01:52]} 14. axb3 {[%clk 1:08:09]} cxd5 {[%clk 1:01:55]} 15. Rc7
{[%clk 1:02:54]} Rxa1+ {[%clk 0:59:18]} 16. Bxa1 {[%clk 1:03:23]} Ra8
{[%clk 0:39:13]} 17. Bc3 {[%clk 1:03:13]} Ne8 {[%clk 0:37:20]} 18. Rxb7
{[%clk 1:01:07]} Nd6 {[%clk 0:37:35]} 19. Rc7 {[%clk 0:45:38]} Nb5
{[%clk 0:37:37]} 20. Rc6 {[%clk 0:46:06]} Nb8 {[%clk 0:38:02]} 21. Rc5
{[%clk 0:46:04]} Bd7 22. Ne1 {[%clk 0:22:14]} e6 {[%clk 0:35:38]} 23. Bb2
{[%clk 0:21:14]} Ra2 {[%clk 0:31:04]} 24. Rc2 {[%clk 0:17:07]} Nc6
{[%clk 0:28:29]} 25. Ndf3 {[%clk 0:16:01]} Na3 {[%clk 0:16:25]} 26. Bxa3
{[%clk 0:11:36]} Rxa3 {[%clk 0:16:54]} 27. e3 {[%clk 0:10:38]} Rxb3
{[%clk 0:15:58]} 28. Bf1 {[%clk 0:09:01]} Bf6 {[%clk 0:07:05]} 29. Nd3
{[%clk 0:07:16]} Nb4 30. Nxb4 {[%clk 0:07:35]} Rxb4 {[%clk 0:07:57]} 31. Rc7
{[%clk 0:07:25]} Ba4 {[%clk 0:08:00]} 32. h4 {[%clk 0:06:49]} h6 {[%clk 0:07:26]}
33. Kg2 {[%clk 0:05:33]} Rb2 {[%clk 0:06:12]} 34. Bd3 {[%clk 0:04:48]} Kg7
{[%clk 0:05:55]} 35. Ra7 {[%clk 0:03:44]} Bd1 {[%clk 0:05:49]} 36. Ra1
{[%clk 0:03:11]} Bb3 {[%clk 0:03:06]} 37. Rb1 {[%clk 0:01:55]} Rxb1
{[%clk 0:01:01]} 38. Bxb1 {[%clk 0:02:23]} Ba4 {[%clk 0:01:21]} 39. Bd3
{[%clk 0:02:26]} Be7 {[%clk 0:01:37]} 40. Ne5 {[%clk 0:31:30]} Be8
{[%clk 0:31:57]} 41. Ba6 {[%clk 0:31:34]} g5 {[%clk 0:30:35]} 42. hxg5 hxg5
{[%clk 0:31:03]} 43. Bc8 {[%clk 0:31:33]} Bd6 {[%clk 0:28:19]} 1/2-1/2

[Event "Azerbaijan Chess Championship2015 - Men"]
[Site ""]
[Date "2015.01.08"]
[Round "3"]
[Board "8"]
[White "Asadli, Vugar"]
[Black "Abasov, Nijat"]
[Result "0-1"]
[WhiteElo "2127"]
[BlackElo "2530"]
[PlyCount "0"]
[EventDate "2015.01.06"]
[EventRounds "9"]
[EventCountry "AZE"]

1. e4 {[%clk 1:30:51]} e5 {[%clk 1:30:54]} 2. Nf3 {[%clk 1:31:08]} Nc6
{[%clk 1:31:17]} 3. d4 {[%clk 1:31:24]} exd4 {[%clk 1:31:42]} 4. Nxd4
{[%clk 1:31:46]} Bb4+ {[%clk 1:32:05]} 5. c3 {[%clk 1:27:46]} Bc5
{[%clk 1:32:19]} 6. Be3 {[%clk 1:27:41]} Bb6 {[%clk 1:32:40]} 7. g3
{[%clk 1:12:02]} Nf6 {[%clk 1:25:27]} 8. Bg2 {[%clk 1:12:09]} O-O
{[%clk 1:23:09]} 9. O-O {[%clk 1:10:32]} Re8 {[%clk 1:20:19]} 10. Nd2
{[%clk 1:09:34]} d5 {[%clk 1:17:47]} 11. Nxc6 {[%clk 0:59:30]} bxc6
{[%clk 1:18:04]} 12. Bxb6 {[%clk 0:59:40]} axb6 {[%clk 1:13:25]} 13. a3 d4
{[%clk 1:00:40]} 14. cxd4 {[%clk 0:50:53]} Qxd4 {[%clk 1:00:57]} 15. Qc2
{[%clk 0:42:32]} Ba6 {[%clk 1:00:24]} 16. Rfe1 {[%clk 0:40:21]} Bd3
{[%clk 0:55:35]} 17. Qc3 {[%clk 0:34:08]} Qxc3 {[%clk 0:55:04]} 18. bxc3
{[%clk 0:33:26]} Ra4 {[%clk 0:54:55]} 19. c4 Bxc4 {[%clk 0:37:50]} 20. Rac1
{[%clk 0:28:32]} Bb5 {[%clk 0:34:30]} 21. e5 {[%clk 0:28:04]} Nd5
{[%clk 0:34:14]} 22. Bxd5 cxd5 {[%clk 0:34:31]} 23. Rxc7 {[%clk 0:27:36]} Rxa3
{[%clk 0:31:12]} 24. Rb7 {[%clk 0:25:27]} Bd3 {[%clk 0:29:31]} 25. Rxb6
{[%clk 0:24:30]} Ra2 {[%clk 0:29:49]} 26. Nf3 {[%clk 0:21:21]} h6
{[%clk 0:29:48]} 27. Nd4 {[%clk 0:16:56]} Ra4 {[%clk 0:27:32]} 28. Nc6
{[%clk 0:13:48]} Rc4 {[%clk 0:24:38]} 29. f3 {[%clk 0:12:37]} Bf5
{[%clk 0:22:36]} 30. Rd1 {[%clk 0:11:20]} Bd7 {[%clk 0:19:53]} 31. Nb4
{[%clk 0:10:14]} Rxe5 {[%clk 0:20:02]} 32. Nxd5 {[%clk 0:09:26]} Bc6
{[%clk 0:16:14]} 33. Rb8+ {[%clk 0:06:33]} Kh7 {[%clk 0:16:39]} 34. Rd8
{[%clk 0:06:49]} Re2 {[%clk 0:16:25]} 35. Nf4 {[%clk 0:06:39]} Ra2
{[%clk 0:16:44]} 36. R8d2 {[%clk 0:06:36]} Ra3 {[%clk 0:13:02]} 37. Rd3
{[%clk 0:06:36]} Bxf3 {[%clk 0:13:27]} 38. Rxa3 {[%clk 0:05:42]} Bxd1
{[%clk 0:13:52]} 39. Rd3 {[%clk 0:06:06]} Rc1 {[%clk 0:12:46]} 40. Kf2
{[%clk 0:35:09]} g5 {[%clk 0:37:34]} 41. Nd5 {[%clk 0:34:13]} Bc2
{[%clk 0:29:10]} 42. Rd4 {[%clk 0:31:43]} Bf5 {[%clk 0:27:22]} 43. Ne3
{[%clk 0:30:24]} Be6 {[%clk 0:27:34]} 44. h4 {[%clk 0:29:39]} Kg6
{[%clk 0:27:26]} 45. hxg5 {[%clk 0:29:11]} Kxg5 {[%clk 0:27:41]} 46. Ra4
{[%clk 0:28:12]} h5 {[%clk 0:25:06]} 47. Rb4 {[%clk 0:26:32]} Ra1
{[%clk 0:24:17]} 48. Rb2 {[%clk 0:24:40]} Ra3 {[%clk 0:23:26]} 49. Rb5+
{[%clk 0:24:19]} f5 {[%clk 0:23:34]} 50. Rb2 {[%clk 0:24:43]} Rc3
{[%clk 0:20:15]} 51. Rb6 {[%clk 0:24:11]} Bd7 {[%clk 0:20:03]} 52. Rb7
{[%clk 0:24:34]} Rd3 {[%clk 0:19:08]} 53. Rb2 {[%clk 0:24:35]} Bc6
{[%clk 0:19:14]} 54. Ra2 {[%clk 0:23:20]} Be4 {[%clk 0:18:44]} 55. Rb2
{[%clk 0:23:19]} Ra3 {[%clk 0:18:59]} 56. Rd2 {[%clk 0:22:39]} Ra1
{[%clk 0:19:13]} 57. Re2 {[%clk 0:19:51]} Rh1 {[%clk 0:19:05]} 58. Re1
{[%clk 0:19:52]} Rh2+ {[%clk 0:19:16]} 59. Kg1 {[%clk 0:20:11]} Rh1+
{[%clk 0:19:40]} 60. Kf2 {[%clk 0:20:37]} Rh2+ {[%clk 0:20:08]} 61. Kg1
{[%clk 0:21:04]} Ra2 {[%clk 0:20:14]} 62. Rc1 {[%clk 0:21:14]} h4
{[%clk 0:17:23]} 63. gxh4+ {[%clk 0:21:04]} Kxh4 {[%clk 0:17:39]} 64. Rf1
{[%clk 0:19:15]} Kg5 {[%clk 0:17:55]} 65. Rf2 {[%clk 0:18:30]} Ra1+
{[%clk 0:18:16]} 66. Kh2 {[%clk 0:18:56]} f4 {[%clk 0:17:53]} 67. Ng2
{[%clk 0:19:01]} f3 {[%clk 0:17:05]} 68. Ne3 {[%clk 0:18:57]} Kf4
{[%clk 0:17:23]} 69. Ng2+ {[%clk 0:19:20]} Kg5 {[%clk 0:16:55]} 70. Ne3
{[%clk 0:19:42]} Re1 {[%clk 0:15:19]} 71. Nc4 {[%clk 0:19:34]} Kf4
{[%clk 0:15:10]} 72. Nd2 {[%clk 0:19:50]} Bd5 {[%clk 0:14:31]} 73. Nf1
{[%clk 0:20:01]} Bc4 {[%clk 0:13:34]} 74. Ng3 {[%clk 0:19:03]} Be2
{[%clk 0:13:27]} 75. Kh3 {[%clk 0:18:23]} Ke3 {[%clk 0:13:26]} 76. Rh2
{[%clk 0:18:46]} Ra1 {[%clk 0:11:34]} 77. Rh1 {[%clk 0:18:32]} Ra8
{[%clk 0:11:18]} 78. Rb1 {[%clk 0:18:46]} Rh8+ {[%clk 0:11:04]} 79. Kg4
{[%clk 0:19:10]} f2+ {[%clk 0:10:49]} 80. Nxe2 {[%clk 0:19:35]} Kxe2
{[%clk 0:11:1

[Event "Azerbaijan Chess Championship2015 - Men"]
[Site ""]
[Date "2015.01.08"]
[Round "3"]
[Board "9"]
[White "Bayramov, Elvin"]
[Black "Sadikhov, Ulvi"]
[Result "1-0"]
[WhiteElo "2051"]
[BlackElo "2414"]
[PlyCount "0"]
[EventDate "2015.01.06"]
[EventRounds "9"]
[EventCountry "AZE"]

1. d4 {[%clk 1:30:41]} d6 {[%clk 1:30:56]} 2. c4 {[%clk 1:31:06]} g6
{[%clk 1:31:13]} 3. Nc3 {[%clk 1:31:32]} Bg7 {[%clk 1:31:38]} 4. e4
{[%clk 1:31:57]} Nd7 {[%clk 1:31:56]} 5. Nge2 {[%clk 1:32:21]} Ngf6
{[%clk 1:29:12]} 6. Ng3 {[%clk 1:32:45]} a6 {[%clk 1:29:24]} 7. h4
{[%clk 1:32:51]} h5 {[%clk 1:28:41]} 8. Be2 {[%clk 1:33:06]} Rb8 {[%clk 1:21:57]}
9. a3 {[%clk 1:31:35]} c5 {[%clk 1:19:24]} 10. dxc5 {[%clk 1:29:48]} Nxc5
{[%clk 1:19:00]} 11. Be3 {[%clk 1:27:25]} Ncd7 {[%clk 1:12:57]} 12. Ba7
{[%clk 1:24:19]} Ra8 {[%clk 1:13:22]} 13. Bd4 {[%clk 1:24:45]} O-O
{[%clk 1:07:49]} 14. Qd2 Nc5 {[%clk 1:01:04]} 15. Qc2 {[%clk 1:03:19]} Be6
{[%clk 0:57:32]} 16. e5 {[%clk 0:56:09]} Nfd7 {[%clk 0:50:35]} 17. b4
{[%clk 0:54:42]} dxe5 {[%clk 0:43:12]} 18. Bxc5 {[%clk 0:52:37]} Nxc5
{[%clk 0:42:08]} 19. bxc5 {[%clk 0:52:53]} Qa5 {[%clk 0:39:54]} 20. O-O
{[%clk 0:47:55]} Qxc5 {[%clk 0:34:37]} 21. Nge4 {[%clk 0:47:39]} Qc6
{[%clk 0:29:40]} 22. Qa4 Rad8 {[%clk 0:19:55]} 23. Qxc6 {[%clk 0:40:03]} bxc6
{[%clk 0:20:24]} 24. Nc5 {[%clk 0:38:34]} Bc8 {[%clk 0:20:38]} 25. Rad1
{[%clk 0:37:15]} f5 {[%clk 0:18:19]} 26. N3a4 {[%clk 0:34:45]} e4
{[%clk 0:17:28]} 27. Nb6 {[%clk 0:33:20]} Bd4 {[%clk 0:15:25]} 28. Ncd7
{[%clk 0:30:47]} Bxb6 {[%clk 0:13:00]} 29. Nxb6 {[%clk 0:31:09]} Be6
{[%clk 0:13:11]} 30. c5 {[%clk 0:31:03]} a5 {[%clk 0:13:17]} 31. Rxd8
{[%clk 0:27:12]} Rxd8 {[%clk 0:13:46]} 32. Rd1 {[%clk 0:27:36]} Rxd1+
{[%clk 0:12:38]} 33. Bxd1 {[%clk 0:27:59]} Kf7 {[%clk 0:12:42]} 34. Ba4
{[%clk 0:28:09]} Kf6 {[%clk 0:11:04]} 35. Bxc6 {[%clk 0:28:06]} Ke5
{[%clk 0:11:31]} 36. Be8 {[%clk 0:26:08]} Kd4 {[%clk 0:11:57]} 37. c6
{[%clk 0:26:33]} Kc5 {[%clk 0:12:23]} 38. Bd7 {[%clk 0:25:58]} 1-0

[Event "Azerbaijan Chess Championship2015 - Men"]
[Site ""]
[Date "2015.01.08"]
[Round "3"]
[Board "10"]
[White "Abdulov, Orkhan"]
[Black "Heydarli, Kanan"]
[Result "0-1"]
[WhiteElo "2342"]
[BlackElo "2273"]
[PlyCount "0"]
[EventDate "2015.01.06"]
[EventRounds "9"]
[EventCountry "AZE"]

1. e4 {[%clk 1:30:39]} e6 {[%clk 1:30:52]} 2. d4 {[%clk 1:30:49]} d5
{[%clk 1:31:14]} 3. Nd2 {[%clk 1:30:47]} c5 {[%clk 1:28:49]} 4. exd5
{[%clk 1:30:25]} exd5 {[%clk 1:29:10]} 5. Ngf3 {[%clk 1:29:53]} Nc6
{[%clk 1:29:08]} 6. dxc5 {[%clk 1:29:42]} Bxc5 {[%clk 1:29:30]} 7. Nb3
{[%clk 1:30:02]} Bd6 {[%clk 1:29:49]} 8. Be2 {[%clk 1:29:13]} Nge7
{[%clk 1:28:40]} 9. O-O {[%clk 1:29:22]} O-O {[%clk 1:29:05]} 10. Nfd4
{[%clk 1:28:21]} Nf5 {[%clk 1:18:56]} 11. c3 {[%clk 1:23:31]} Nfxd4
{[%clk 1:16:55]} 12. Nxd4 {[%clk 1:23:30]} Bc5 {[%clk 1:13:37]} 13. Be3
{[%clk 1:15:50]} Nxd4 {[%clk 1:10:12]} 14. Bxd4 {[%clk 1:16:13]} Qb6
{[%clk 1:09:44]} 15. Bxc5 {[%clk 1:15:25]} Qxc5 {[%clk 1:10:12]} 16. Qd2
{[%clk 1:15:01]} Be6 {[%clk 1:09:01]} 17. Rad1 {[%clk 1:11:46]} Rfd8
{[%clk 1:09:17]} 18. Qd4 {[%clk 1:11:51]} b6 {[%clk 1:05:45]} 19. Rd2 Rd7
{[%clk 1:03:16]} 20. Rfd1 {[%clk 1:10:10]} Rad8 {[%clk 1:03:40]} 21. Qf4
{[%clk 1:05:28]} Qd6 {[%clk 1:01:41]} 22. Qa4 {[%clk 1:03:35]} Qc5
{[%clk 1:00:23]} 23. Rd4 {[%clk 1:03:24]} Qc7 {[%clk 0:51:32]} 24. Bf3
{[%clk 1:00:50]} h6 {[%clk 0:51:09]} 25. R1d2 {[%clk 0:57:33]} Qe5
{[%clk 0:45:58]} 26. Qd1 {[%clk 0:56:09]} Qf5 {[%clk 0:42:02]} 27. h3
{[%clk 0:53:19]} Qg5 {[%clk 0:35:21]} 28. Kh1 {[%clk 0:51:30]} Qe7
{[%clk 0:35:22]} 29. Qe2 {[%clk 0:50:01]} Qc5 {[%clk 0:33:28]} 30. Qe5 Kf8
{[%clk 0:24:53]} 31. Re2 {[%clk 0:45:24]} Qd6 {[%clk 0:23:56]} 32. Qh5
{[%clk 0:45:03]} Kg8 {[%clk 0:22:30]} 33. Red2 {[%clk 0:42:54]} Qc5
{[%clk 0:22:36]} 34. Qe5 {[%clk 0:42:37]} Kf8 {[%clk 0:22:30]} 35. Qf4
{[%clk 0:42:10]} Kg8 {[%clk 0:22:10]} 36. Kg1 {[%clk 0:42:31]} Qe7
{[%clk 0:21:20]} 37. Re2 {[%clk 0:40:43]} Qd6 {[%clk 0:19:41]} 38. Qd2
{[%clk 0:39:57]} Qc7 {[%clk 0:16:56]} 39. Qd1 {[%clk 0:38:45]} Kf8
{[%clk 0:12:53]} 40. Red2 {[%clk 1:06:41]} Re7 {[%clk 0:41:53]} 41. Bxd5
{[%clk 1:00:20]} Bxd5 {[%clk 0:37:42]} 42. Rxd5 {[%clk 0:59:07]} Rxd5
{[%clk 0:36:29]} 43. Rxd5 {[%clk 0:59:21]} Kg8 {[%clk 0:36:58]} 44. g3
{[%clk 0:50:30]} Qc4 {[%clk 0:35:42]} 45. Rd3 {[%clk 0:45:41]} Re5
{[%clk 0:34:10]} 46. b3 {[%clk 0:42:58]} Qe6 {[%clk 0:33:56]} 47. Rd8+
{[%clk 0:41:04]} Kh7 {[%clk 0:34:25]} 48. Qd3+ {[%clk 0:41:02]} f5
{[%clk 0:34:53]} 49. Rf8 {[%clk 0:36:25]} Rd5 {[%clk 0:32:58]} 50. Qf3
{[%clk 0:35:12]} Ra5 {[%clk 0:30:47]} 51. Qd3 {[%clk 0:29:45]} Rd5
{[%clk 0:28:47]} 52. Qf3 {[%clk 0:21:57]} Ra5 {[%clk 0:29:06]} 53. c4
{[%clk 0:19:47]} Rxa2 {[%clk 0:27:24]} 54. Rxf5 {[%clk 0:15:48]} Ra1+
{[%clk 0:27:09]} 55. Kh2 {[%clk 0:16:01]} Qe1 {[%clk 0:27:23]} 56. h4
{[%clk 0:12:15]} Qg1+ {[%clk 0:20:57]} 57. Kh3 {[%clk 0:12:41]} Qh1+
{[%clk 0:20:55]} 58. Kg4 {[%clk 0:12:21]} Qe1 {[%clk 0:18:55]} 59. Rd5
{[%clk 0:10:26]} Qe6+ {[%clk 0:18:18]} 60. Qf5+ {[%clk 0:10:44]} Qxf5+
{[%clk 0:18:45]} 61. Kxf5 {[%clk 0:10:57]} Rf1 {[%clk 0:18:48]} 62. Rd2
{[%clk 0:11:11]} Rc1 {[%clk 0:18:56]} 63. f4 {[%clk 0:07:41]} h5 {[%clk 0:19:08]}
64. Rd3 {[%clk 0:07:33]} b5 {[%clk 0:17:07]} 65. Kg5 {[%clk 0:03:25]} bxc4
{[%clk 0:17:34]} 66. bxc4 {[%clk 0:03:50]} Rxc4 67. Kxh5 {[%clk 0:04:02]} a5
{[%clk 0:17:32]} 68. Rd7 {[%clk 0:04:06]} Rc5+ {[%clk 0:17:32]} 69. Kg4
{[%clk 0:04:06]} Kh6 {[%clk 0:16:54]} 70. f5 {[%clk 0:03:50]} Rc4+
{[%clk 0:17:11]} 71. Kh3 {[%clk 0:04:10]} a4 {[%clk 0:17:21]} 72. Ra7
{[%clk 0:04:28]} g5 {[%clk 0:16:47]} 73. Ra6+ {[%clk 0:03:20]} Kh5
{[%clk 0:17:12]} 74. Ra8 {[%clk 0:03:43]} g4+ {[%clk 0:15:58]} 75. Kg2
{[%clk 0:04:12]} Kh6 {[%clk 0:16:21]} 76. Ra7 {[%clk 0:04:16]} Rc2+
{[%clk 0:16:45]} 77. Kf1 {[%clk 0:04:28]} Ra2 {[%clk 0:14:58]} 78. Kg1
{[%clk 0:03:52]} Ra3 {[%clk 0:14:54]} 79. Kg2 {[%clk 0:03:54]} Ra2+
{[%clk 0:15:10]} 80. Kf1 {[%clk 0:04:17]} Ra3 {[%c

[Event "Azerbaijan Chess Championship2015 - Men"]
[Site ""]
[Date "2015.01.08"]
[Round "3"]
[Board "11"]
[White "Shabanov, Nurlan"]
[Black "Sevdimaliyev, Urfan"]
[Result "1-0"]
[WhiteElo "2165"]
[BlackElo "2505"]
[PlyCount "0"]
[EventDate "2015.01.06"]
[EventRounds "9"]
[EventCountry "AZE"]

1. d4 {[%clk 1:30:56]} Nf6 {[%clk 1:30:48]} 2. c4 {[%clk 1:31:19]} g6
{[%clk 1:31:08]} 3. Nc3 {[%clk 1:31:42]} d5 {[%clk 1:31:31]} 4. cxd5
{[%clk 1:32:00]} Nxd5 {[%clk 1:31:56]} 5. e3 {[%clk 1:32:20]} Bg7
{[%clk 1:31:30]} 6. Nxd5 {[%clk 1:32:42]} Qxd5 {[%clk 1:31:53]} 7. Ne2
{[%clk 1:33:05]} O-O {[%clk 1:30:09]} 8. Nc3 {[%clk 1:33:27]} Qd8
{[%clk 1:28:57]} 9. Be2 {[%clk 1:33:09]} c5 {[%clk 1:19:41]} 10. d5
{[%clk 1:32:48]} e6 {[%clk 1:19:06]} 11. e4 {[%clk 1:20:53]} exd5
{[%clk 1:18:01]} 12. exd5 {[%clk 1:21:12]} Na6 {[%clk 1:08:08]} 13. O-O
{[%clk 1:11:46]} Bf5 {[%clk 1:05:29]} 14. Be3 Rc8 {[%clk 1:02:58]} 15. Qb3
{[%clk 0:56:22]} Qc7 {[%clk 0:40:12]} 16. Rfd1 {[%clk 0:49:35]} Be5 17. h3
{[%clk 0:37:14]} c4 {[%clk 0:22:10]} 18. Qa4 {[%clk 0:34:09]} Bd7
{[%clk 0:20:15]} 19. Qc2 {[%clk 0:34:06]} b5 {[%clk 0:19:29]} 20. d6
{[%clk 0:29:19]} Nb4 {[%clk 0:08:28]} 21. Qd2 {[%clk 0:18:12]} Qb8
{[%clk 0:07:41]} 22. Ne4 {[%clk 0:17:01]} Na6 {[%clk 0:05:42]} 23. Bd4
{[%clk 0:16:22]} f5 {[%clk 0:02:00]} 24. Bxe5 {[%clk 0:14:44]} fxe4
{[%clk 0:02:27]} 25. Bc3 {[%clk 0:10:05]} Qb6 {[%clk 0:01:59]} 26. Qd5+
{[%clk 0:10:13]} Rf7 {[%clk 0:02:24]} 27. Bd4 {[%clk 0:10:29]} Qc6
{[%clk 0:02:11]} 28. Qe5 {[%clk 0:10:29]} 1-0